书目信息 |
| 题名: |
潍坊风筝
|
|
| 作者: | 安丽哲 著 | |
| 分册: | ||
| 出版信息: | 北京 文化艺术出版社 2022 |
|
| 页数: | 198页 | |
| 开本: | 24cm | |
| 丛书名: | 中国非物质文化遗产代表作丛书 | |
| 单 册: | ||
| 中图分类: | J528.6 | |
| 科图分类: | ||
| 主题词: | 风筝--民间工艺--研究--潍坊 | |
| 电子资源: | ||
| ISBN: | 978-7-5039-7237-9 | |
| 000 | 00921oam2 2200241 450 | |
| 001 | 2434262202 | |
| 005 | 20240908093115.42 | |
| 010 | @a978-7-5039-7237-9@dCNY78.00 | |
| 100 | @a20220914d2022 em y0chiy50 ea | |
| 101 | 0 | @achi |
| 102 | @aCN@b110000 | |
| 105 | @aa z 000yy | |
| 200 | 1 | @a潍坊风筝@Awei fang feng zheng@f安丽哲著 |
| 210 | @a北京@c文化艺术出版社@d2022 | |
| 215 | @a198页@c彩图@d24cm | |
| 225 | 1 | @a中国非物质文化遗产代表作丛书@f王文章主编 |
| 330 | @a本书内容包括:风筝的起源与世界风筝文化,潍坊风筝产生的地理与人文环境,潍坊风筝的分类与制作工艺,潍坊风筝世家与“雅俗”风格的变化,潍坊风筝的功能变迁与复兴策略,潍坊风筝的传统产业模式及其传承,“国家在场”与潍坊风筝的传承与发展等问题的研究。 | |
| 410 | 0 | @12001 @a中国非物质文化遗产代表作丛书 |
| 606 | 0 | @a风筝@x民间工艺@x研究@y潍坊 |
| 690 | @aJ528.6@v5 | |
| 701 | 0 | @a安丽哲@Aan li zhe@4著 |
| 801 | 0 | @aCN@b91MARC@c20220927 |
| 905 | @aZUCC@dJ528.6@e4 | |
| 潍坊风筝/安丽哲著.-北京:文化艺术出版社,2022 |
| 198页:彩图;24cm.-(中国非物质文化遗产代表作丛书/王文章主编) |
| ISBN 978-7-5039-7237-9:CNY78.00 |
| 本书内容包括:风筝的起源与世界风筝文化,潍坊风筝产生的地理与人文环境,潍坊风筝的分类与制作工艺,潍坊风筝世家与“雅俗”风格的变化,潍坊风筝的功能变迁与复兴策略,潍坊风筝的传统产业模式及其传承,“国家在场”与潍坊风筝的传承与发展等问题的研究。 |
| ● |
| 相关链接 |
|
|
|
正题名:潍坊风筝
索取号:J528.6/4
 
预约/预借
| 序号 | 登录号 | 条形码 | 馆藏地/架位号 | 状态 | 备注 |
| 1 | 2001764197 | 2001764197 | 第四书库/四24架B面4层5列/ [索取号:J528.6/4] | 在馆 | |
| 2 | 2001764198 | 2001764198 | 第四书库/四24架B面4层5列/ [索取号:J528.6/4] | 在馆 | |
| 3 | 2001764199 | 2001764199 | 第四书库/四24架B面4层5列/ [索取号:J528.6/4] | 在馆 | |
| 4 | 2001764200 | 2001764200 | 第四书库/四24架B面4层5列/ [索取号:J528.6/4] | 在馆 | |
| 5 | 2001764201 | 2001764201 | 第四书库/四24架B面4层5列/ [索取号:J528.6/4] | 在馆 | |
| 6 | 2001764202 | 2001764202 | 第四书库/四24架B面4层5列/ [索取号:J528.6/4] | 在馆 |